|
|
|
|
| LEADER |
00949nab#a2200349#ar4500 |
| 001 |
000090113 |
| 003 |
SVKKK |
| 005 |
20080623094033.0 |
| 008 |
080623c2008 xo |||||||||||||||b|slo |
| FMT |
|
|
|
| 015 |
|
|
|a SNBRB2008/06
|
| 038 |
|
|
|a SVKKK
|
| 040 |
|
|
|a SVKKK
|b slo
|e AACR2
|
| 041 |
0 |
|
|a slo
|
| 044 |
|
|
|a xo
|c SK
|
| 080 |
|
|
|a 281.94:061.4
|x (437.6)
|2 1997
|
| 080 |
|
|
|a 061.4
|x (437.6)
|2 1997
|
| 245 |
1 |
0 |
|a Nevzdávajú sa
|b výstava Katolícka kniha na Slovensku
|c ISPB
|
| 610 |
2 |
4 |
|a Gréckokatolícka cirkev (Prešov, Slovensko)
|
| 611 |
2 |
4 |
|a Katolícka kniha na Slovensku
|g výstava
|n (2. :
|d december 2007 :
|c Prešov, Slovensko)
|
| 650 |
0 |
4 |
|a výstavy
|z Slovensko
|
| 655 |
# |
4 |
|a náboženstvo
|
| 773 |
0 |
|
|t Slovo : časopis gréckokatolíckej cirkvi
|g Roč. 40, č. 1 (2008), s. 7
|x 1335-7492
|
| 958 |
|
|
|a NT
|
| 974 |
|
|
|a MI
|
| 992 |
|
|
|a RBX
|
| BAS |
|
|
|
| BAS |
|
|
|
| 852 |
|
|
|a SVKKK
|b BIB
|
| EXP |
|
|
|
| 998 |
|
|
|a SLO
|
| 998 |
|
|
|a SLO
|